00217nam a22000857a 4500082001700000100002500017245004900042260003100091300000900122 a513.93 BAS'D aDOW EDUCATION SYSTEM aBASIC INDUSTRIAL MATHEMATICS A TEXT WORKBOOK aNEWYORKbMCGRAW HILLc1972 a158P